| 000 | 00853mam a22003135a 4500 | ||
|---|---|---|---|
| 001 | 2631997 | ||
| 003 | OSt | ||
| 005 | 20210930125825.0 | ||
| 008 | 990309s1998 enk 000 0 eng d | ||
| 015 | _aGB99-22957 | ||
| 020 | _a9780415602600 | ||
| 035 | _a(OCoLC)ocm40928151 | ||
| 035 | _a(NNC)2631997 | ||
| 038 | _akhadija | ||
| 040 |
_aEUN _cEUN _dUKM _dTXA |
||
| 082 | 0 | 4 |
_a620.106 _221 _bMAS |
| 090 |
_aTA357 _b.M37 2011 |
||
| 100 | 1 |
_aMassey, B. S. _q(Bernard Stanford) _982893 |
|
| 245 | 1 | 0 |
_aMechanics of fluids / _cBernard Massey. |
| 250 | _b9th | ||
| 260 |
_aCheltenham, England : _bS. Thornes, _c1998. |
||
| 300 |
_axii, 722 p. : _bill. ; _c25 cm. |
||
| 563 | _aPB | ||
| 650 | 0 |
_aFluid mechanics. _91678 |
|
| 650 | 4 |
_aFluid mechanics. _91678 |
|
| 700 | 1 |
_aWard-Smith, A. J. _q(Alfred John) _982894 |
|
| 942 |
_2ddc _cBK |
||
| 999 |
_c32797 _d32797 |
||